000 00756nam a22002537a 4500
003 dpl
005 20170124105939.0
008 161005b xxu||||| |||| 00| 0 eng d
010 _aA-948805
020 _c00.00
_a8185565805
035 _aA-948805
037 _bCen Lib/Ret
040 _aDPL
_bEN
_cTIT
082 _a320.954
_2CRI
245 _aCrime and corruption to good governance /
_cedited by Subhash C. Kashyap
260 _aNew Delhi
_bUppal Publishing House
_c1997
270 _bNew Delhi
_a3, Ansari road, daryaganj
300 _a178p.
_c21cm(Hb)
500 _aIncludes index
650 _aLaw
_9104
650 _aCrime and corruption
_9105
700 _aKashyap, Subhash C.
_98440
942 _2ddc
_cEN
_h320.954
_mCRI
999 _c124422
_d124422